New headway : (Record no. 4793)
[ view plain ]
| 000 -LEADER | |
|---|---|
| fixed length control field | 01554nam a22003375a 4500 |
| 003 - CONTROL NUMBER IDENTIFIER | |
| control field | EG-ScBUE |
| 005 - DATE AND TIME OF LATEST TRANSACTION | |
| control field | 20220529142943.0 |
| 008 - FIXED-LENGTH DATA ELEMENTS--GENERAL INFORMATION | |
| fixed length control field | 110505r20092002enka f 000 0 eng d |
| 020 ## - INTERNATIONAL STANDARD BOOK NUMBER | |
| International Standard Book Number | 0194376311 |
| 020 ## - INTERNATIONAL STANDARD BOOK NUMBER | |
| International Standard Book Number | 9780194376310 |
| 040 ## - CATALOGING SOURCE | |
| Original cataloging agency | EG-ScBUE |
| Language of cataloging | eng |
| Description conventions | rda |
| Transcribing agency | EG-ScBUE |
| Modifying agency | EG-ScBUE |
| 082 04 - DEWEY DECIMAL CLASSIFICATION NUMBER | |
| Classification number | 428.24 |
| Item number | SOA |
| Edition number | 22 |
| 100 1# - MAIN ENTRY--PERSONAL NAME | |
| Personal name | Soars, Liz, |
| Dates associated with a name | 1945- |
| Relator term | author. |
| 9 (RLIN) | 34639 |
| 245 10 - TITLE STATEMENT | |
| Title | New headway : |
| Name of part/section of a work | beginner, |
| -- | Student's book / |
| Statement of responsibility, etc | Liz and John Soars. |
| 246 30 - VARYING FORM OF TITLE | |
| Title proper/short title | Student's book |
| 250 ## - EDITION STATEMENT | |
| Edition statement | Reprinted edition. |
| 264 #1 - PUBLICATION, DISTRIBUTION, ETC. (IMPRINT) | |
| Place of publication, distribution, etc | Oxford ; |
| -- | New York : |
| Name of publisher, distributor, etc | Oxford University Press, |
| Date of publication, distribution, etc | 2009. |
| 300 ## - PHYSICAL DESCRIPTION | |
| Extent | 142 pages : |
| Other physical details | color illustrations ; |
| Dimensions | 28 cm |
| 336 ## - CONTENT TYPE | |
| Source | rdacontent |
| Content type term | text |
| Content type code | txt |
| 337 ## - MEDIA TYPE | |
| Source | rdamedia |
| Media type term | unmediated |
| Media type code | n |
| 338 ## - CARRIER TYPE | |
| Source | rdacarrier |
| Carrier type term | volume |
| Carrier type code | nc |
| 520 ## - SUMMARY, ETC. | |
| Summary, etc | Aimed at absolute beginners, this title provides a measured, step-by-step approach that aims to build both skills and confidence. It contains a mix of language work and many practice material that helps learners to consolidate their knowledge of key points before proceeding further. The vocabulary syllabus focuses on high-frequency survival terms. |
| 650 #7 - SUBJECT ADDED ENTRY--TOPICAL TERM | |
| Topical term or geographic name as entry element | English language |
| Form subdivision | Textbooks for foreign speakers. |
| Source of heading or term | BUEsh |
| 9 (RLIN) | 23627 |
| 650 #7 - SUBJECT ADDED ENTRY--TOPICAL TERM | |
| Topical term or geographic name as entry element | English language |
| General subdivision | Grammar |
| Form subdivision | Problems, exercises. |
| Source of heading or term | BUEsh |
| 9 (RLIN) | 23628 |
| 651 ## - SUBJECT ADDED ENTRY--GEOGRAPHIC NAME | |
| Source of heading or term | BUEsh |
| 653 ## - INDEX TERM--UNCONTROLLED | |
| Resource For college | Humanities: English |
| Arrived date list | November2018 |
| 655 ## - INDEX TERM--GENRE/FORM | |
| Form subdivision | Reading book |
| 9 (RLIN) | 34232 |
| 700 1# - ADDED ENTRY--PERSONAL NAME | |
| Personal name | Soars, John, |
| Dates associated with a name | 1951- |
| Relator term | author. |
| 9 (RLIN) | 2160 |
| 856 42 - ELECTRONIC LOCATION AND ACCESS | |
| Materials specified | Interactive exercises available online |
| Uniform Resource Identifier | <a href="https://elt.oup.com/student/headway/?cc=eg&selLanguage=en">https://elt.oup.com/student/headway/?cc=eg&selLanguage=en</a> |
| 942 ## - ADDED ENTRY ELEMENTS (KOHA) | |
| Source of classification or shelving scheme | Dewey Decimal Classification |
| Koha item type | Book - Borrowing |
| Withdrawn status | Lost status | Source of classification or shelving scheme | Damaged status | Not for loan | Collection code | Home library | Current library | Shelving location | Date acquired | Source of acquisition | Total Checkouts | Full call number | Barcode | Date last seen | Date checked out | Koha item type | Checked out | Total Renewals |
|---|---|---|---|---|---|---|---|---|---|---|---|---|---|---|---|---|---|---|
| Dewey Decimal Classification | Baccah | Central Library | Central Library | Second Floor | 19/09/2007 | Purchase | 2 | 428.24 SOA | 000005795 | 15/07/2025 | 03/11/2009 | Book - Borrowing | ||||||
| Dewey Decimal Classification | Central Library | Central Library | Second Floor | 19/09/2007 | Purchase | 2 | 428.24 SOA | 000006399 | 15/07/2025 | 28/09/2016 | Book - Borrowing | |||||||
| Dewey Decimal Classification | Central Library | Central Library | Second Floor | 19/09/2007 | Purchase | 1 | 428.24 SOA | 000009833 | 24/09/2009 | 24/09/2009 | CD | DVD - (NB) | 03/03/2010 | ||||||
| Dewey Decimal Classification | Central Library | Central Library | Second Floor | 19/09/2007 | Purchase | 4 | 428.24 SOA | 000009858 | 15/07/2025 | 15/12/2013 | Book - Borrowing | 1 | ||||||
| Dewey Decimal Classification | Central Library | Central Library | Second Floor | 05/05/2011 | 2 | 428.24 SOA | 000006398 | 15/07/2025 | 19/10/2021 | Book - Borrowing |